| 000 | 00741nam a22002417a 4500 | ||
|---|---|---|---|
| 999 |
_c1638 _d1638 |
||
| 003 | AR-CdUCM | ||
| 008 | 190227b ||||| |||| 00| 0 spa d | ||
| 040 |
_aMUNICIPALIDAD PROVINCIAL DEL CUSCO _cBIBLIOTECA MUNICIPAL DEL CUSCO |
||
| 082 |
_a869.56 / _bC31 |
||
| 100 |
_aCarrillo Natteri, Miguel _96103 |
||
| 245 |
_aAmor es Inmensa Llama / _cCarrillo Natteri, Miguel |
||
| 260 |
_aLima : _bCapulli, _c1988. |
||
| 300 |
_a60 paginas ; _bilustraciones, _c25cm. |
||
| 500 | _aPoema | ||
| 650 |
_aPoema _96104 |
||
| 650 |
_aLiteratura _983 |
||
| 650 |
_aPoemas Latinoamericano _96105 |
||
| 650 |
_aPerĂº _935 |
||
| 700 |
_aCarrillo Natteri, Miguel _96103 |
||
| 700 |
_aArauco, Sonia _96106 |
||
| 942 |
_2ddc _cLIBROS |
||
| 945 |
_apjha _d2019-02-27 |
||